00289nam a2200121Ia 4500008004100000041000800041082001700049100001000066245002200076260003800098300002400136365000700160240624s9999 xx 000 0 und d aeng a658.8342 ICF aICFAI aCONSUMER BEHAVIOR c2005aHyderabadbICFAI University a374 : p. : cm. ; 26 cRS